00801nam a22002537a 45000010005000000030006000050050017000110080041000280200018000690400029000870500014001160820012001301000029001422450047001712500027002182600035002453000045002805050007003255200134003325210019004665210018004856500023005036500021005265261FISKH20250513114451.0241121b cb ||||| |||| 00| 0 eng d a9780590481199 aFISKHbengcFISKHdFISKH aPZ8.F6378 a591.763 aFleming, Denised(1950-) aIn the small, small pond /cDenise Fleming aFirst printing in 1994 aNew York :bScholastic,c1994. a29 pages :bcolor illustrations ;c26 cm aG  aIllustrations and rhyming text describe the activities of animals living in and near a small pond as spring progresses to autumn.8 a370 bLexile 8 aG bRaz-Plus  2Picture bookaPond 2ScienceaSeasons